000 00324nam a22001337a 4500
005 20251220142511.0
020 _a9781668052273
082 _a973.94 WOO/B
100 _aWoodward, Bob
_96723
245 _aWar/
_cby Bob Woodward
260 _a. - New York
_b: Simon Schuster
_c, 2024
300 _a435 pages
942 _2ddc
_cBK
999 _c749054
_d749054